Nové pravidlá pre činnosť ratingových agentúr

Ratingové agentúry - charakteristika a dôležitosť. Riešenie otázok týkajúcich sa ratingových agentúr na úrovni Európskej únie ako aj kódexom IOSCO. Ratingové agentúry a potreba nových pravidiel. Ciele na zlepšenie fungovania ratingových agentúr.

Enregistré dans:
Détails bibliographiques
Auteur principal: Nemšáková, Ivana
Format: Chapitre de livre
Langue:slovaque
Sujets:
Tags: Ajouter un tag
Pas de tags, Soyez le premier à ajouter un tag!

MARC

LEADER 00000nla$a2200000$$$4500
001 0094320
005 20240502083239.4
041 0 |a slo 
044 |a CZ 
245 1 0 |a Nové pravidlá pre činnosť ratingových agentúr  |c Ivana Nemšáková 
520 |a Ratingové agentúry - charakteristika a dôležitosť. Riešenie otázok týkajúcich sa ratingových agentúr na úrovni Európskej únie ako aj kódexom IOSCO. Ratingové agentúry a potreba nových pravidiel. Ciele na zlepšenie fungovania ratingových agentúr. 
610 2 0 |a trh finančný 
610 2 0 |a agentúry 
610 2 0 |a rating 
610 2 0 |a úver 
610 2 0 |a riziko úverové 
610 2 0 |a kódexy 
610 2 0 |a konflikt záujmov 
100 1 |a Nemšáková, Ivana